Ultimate visual dictionary of science. (Record no. 550176)

000 -LEADER
fixed length control field 01429cam a2200217 a 4500
020 ## - INTERNATIONAL STANDARD BOOK NUMBER
International Standard Book Number 0789435128
082 00 - DEWEY DECIMAL CLASSIFICATION NUMBER
Classification number 503
Author Mark MAI
-- L-NUST-01, P-50
245 00 - TITLE STATEMENT
Title Ultimate visual dictionary of science.
250 ## - EDITION STATEMENT
Edition statement 1st American ed.
260 ## - PUBLICATION, DISTRIBUTION, ETC.
Place of publication, distribution, etc. New York :
Name of publisher, distributor, etc. DK Pub.,
Date of publication, distribution, etc. 1998.
300 ## - PHYSICAL DESCRIPTION
Extent 448 p. :
Other physical details ill. (some col.), col. maps ;
Dimensions 25 cm.
500 ## - GENERAL NOTE
General note At head of title: Dorling Kindersley.
500 ## - GENERAL NOTE
General note Includes index.
520 1# - SUMMARY, ETC.
Summary, etc. "In the tradition of this publisher's other visual dictionaries, this volume is crammed full of clear, easily understandable, full-color illustrations and charts explaining various scientific concepts and phenomena. Brief textual descriptions of most concepts accompany the illustrations. The arrangement is by broad disciplines, and coverage includes chemistry, physics, medicine, the life sciences, astronomy, earth science, electronics, computer science, and much more. This wonderfully informative and inexpensive volume will be useful for all audiences from middle school to adult".--"Outstanding Reference Sources : the 1999 Selection of New Titles", American Libraries, May 1999. Comp. by the Reference Sources Committee, RUSA, ALA.
526 ## - STUDY PROGRAM INFORMATION NOTE
Program name 0
Interest level 0
Reading level 0
Title point value 503_000000000000000_MAI
526 ## - STUDY PROGRAM INFORMATION NOTE
Program name 0
Interest level 0
Reading level 0
Title point value 503_000000000000000_MAI
650 #0 - SUBJECT ADDED ENTRY--TOPICAL TERM
Topical term or geographic name entry element Picture dictionaries, English.
9 (RLIN) 31738
650 #0 - SUBJECT ADDED ENTRY--TOPICAL TERM
Topical term or geographic name entry element Science
General subdivision Dictionaries.
9 (RLIN) 46900
710 2# - ADDED ENTRY--CORPORATE NAME
Corporate name or jurisdiction name as entry element DK Publishing, Inc.
9 (RLIN) 38272
942 ## - ADDED ENTRY ELEMENTS (KOHA)
Source of classification or shelving scheme
Koha item type Book
Holdings
Withdrawn status Lost status Source of classification or shelving scheme Damaged status Not for loan Permanent Location Current Location Date acquired Total Checkouts Full call number Barcode Date last seen Price effective from Koha item type Date last checked out
          Military College of Engineering (MCE) Military College of Engineering (MCE) 10/24/2014   503 MAI MCE-44714 10/24/2014 10/24/2014 Book  
          Military College of Engineering (MCE) Military College of Engineering (MCE) 11/21/2014 1 503 MAI MCE-44429 02/16/2017 11/21/2014 Book 02/14/2017
© 2023 Central Library, National University of Sciences and Technology. All Rights Reserved.